00434nam a22001217a 4500003001100000005001700011020001300028100002400041245005300065250002300118260007000141500010100211ARBer- Unq20241206181137.0 a25250957 aBiblioteca Nacional aCuadernos de la BNcBiblioteca Nacionalhrevista aaño 3 : bN° 17 aCiudad Autónoma de Buenos Aires : bBiblioteca Nacional, c2019 aNota sogbre Emancipadxs. El joven Brahms. Ls que cantan. Productoras, prtoagonistas y Lectoras.